000 00333nam a2200121Ia 4500
005 20251222144627.0
008 251222s9999||||xx |||||||||||||| ||spa||
082 _a868.33/C25
100 _aCancelliere, Enrica
245 0 _aLa Realidad Virtual en Las Soledades de Góngora
264 _bUniversidad Mayor de San Marcos
942 _cLIB
999 _c16178
_d16178